000 00276nam a22001217a 4500
008 180920b xxu||||| |||| 00| 0 eng d
041 _aeng
080 _a621
100 _a26
101 _aENG
245 _aFundamentals Of Engineering Elastion
_cBorg.S.F
942 _2udc
_cBK
999 _c48149
_d48149